000 00553nam a2200205 4500
003 LK-CoMWRAF
005 20231115133927.0
008 231115b1984 |||||||| |||| 00| 0 eng d
020 _a0393018903
040 _aLK-CoMWRAF
_dLK-CoMWRAF
_eLK-CoMWRAF
041 _aeng
082 _a349.73
_bFRI
100 _aFriedman, Lawrence M.
245 _aAmerican Law
260 _aNew York:
_bW.W. Norton & company,
_c1984
300 _axiii, 362 p.
_bIndex included
650 _aLAW-United States
650 _aLAW-United States-popular works
942 _cBK
999 _c4088
_d4088